<?xml version="1.0" encoding="UTF-8"?>
<record
    xmlns:xsi="http://www.w3.org/2001/XMLSchema-instance"
    xsi:schemaLocation="http://www.loc.gov/MARC21/slim http://www.loc.gov/standards/marcxml/schema/MARC21slim.xsd"
    xmlns="http://www.loc.gov/MARC21/slim">

  <leader>02866nam a2200349 a 4500</leader>
  <controlfield tag="003">OSt</controlfield>
  <controlfield tag="005">20250627143819.0</controlfield>
  <controlfield tag="007">cr ||||||a|c|a</controlfield>
  <controlfield tag="008">250224s2024    mx a|||fom||| 001 0 spa d</controlfield>
  <datafield tag="040" ind1=" " ind2=" ">
    <subfield code="e">rda</subfield>
  </datafield>
  <datafield tag="100" ind1="1" ind2=" ">
    <subfield code="a">Francisco Macario, Brayan Humberto</subfield>
    <subfield code="9">190147</subfield>
  </datafield>
  <datafield tag="245" ind1="1" ind2="0">
    <subfield code="a">Curva de crecimiento del pasto cayman (Urochloa h&#xED;brido cv. Ciat BRO2/1752) /</subfield>
    <subfield code="c">por Brayan Humberto Francisco Macario y Jes&#xFA;s Alberto M&#xE9;ndez Zaragoza; director de tesis Sergio Ib&#xE1;n Mendoza Pedroza; secretario Fernando Gonz&#xE1;lez Cer&#xF3;n; vocal Ever de Jes&#xFA;s Flores Santiago; suplente Jos&#xE9; Melquiades Monz&#xF3;n Armenta; suplente Jes&#xFA;s Miguel Calzada Mar&#xED;n.</subfield>
  </datafield>
  <datafield tag="264" ind1=" " ind2="1">
    <subfield code="a">Chapingo, M&#xE9;xico :</subfield>
    <subfield code="b">El autor,</subfield>
    <subfield code="c">2024.</subfield>
  </datafield>
  <datafield tag="300" ind1=" " ind2=" ">
    <subfield code="a">1 recurso en l&#xED;nea (50 p&#xE1;ginas):</subfield>
    <subfield code="b">cuadros, figuras.</subfield>
  </datafield>
  <datafield tag="336" ind1=" " ind2=" ">
    <subfield code="2">rdacontent</subfield>
    <subfield code="a">texto</subfield>
    <subfield code="b">txt</subfield>
  </datafield>
  <datafield tag="337" ind1=" " ind2=" ">
    <subfield code="2">rdamedia</subfield>
    <subfield code="a">computadora</subfield>
    <subfield code="b">c</subfield>
  </datafield>
  <datafield tag="338" ind1=" " ind2=" ">
    <subfield code="2">rdacarrier</subfield>
    <subfield code="a">recurso en l&#xED;nea</subfield>
    <subfield code="b">cr</subfield>
  </datafield>
  <datafield tag="502" ind1=" " ind2=" ">
    <subfield code="b">IAEZ</subfield>
    <subfield code="c">Zootecn&#xED;a</subfield>
    <subfield code="d">2024.</subfield>
    <subfield code="g">LIC</subfield>
  </datafield>
  <datafield tag="504" ind1=" " ind2=" ">
    <subfield code="a">Incluye referencias bibliogr&#xE1;ficas: p&#xE1;ginas 30-35.</subfield>
  </datafield>
  <datafield tag="520" ind1=" " ind2=" ">
    <subfield code="a">Se evalu&#xF3; la curva de crecimiento del pasto Cayman (Urochloa h&#xED;brido cv. CIAT BRO2/1752) con diferente intensidad de corte (IC) y d&#xED;as despu&#xE9;s del corte (DDC), a partir del corte de homogenizaci&#xF3;n. El experimento se llev&#xF3; a cabo en San Jos&#xE9; Puyacatengo, Teapa, Tabasco (coordenadas 17&#xB0; 31&#xB4; 38&#x201D;, N 92&#xB0; 55&#xB4;50&#x201D; W, 7 msnm). Los datos de las variables respuesta (PTm, PSb, MSsb, Pt, MSt, Ph, MSh), con base en la IC (5 y 10 cm) y en los DDC (20, 30 y 40 d), fueron analizados bajo un dise&#xF1;o experimental en bloques completamente al azar, a trav&#xE9;s del procedimiento MIXED de SAS V.9.3. Las diferencias entre tratamientos fueron consideradas significativas a P &#x2264; 0.05. El pasto Cayman presenta el mayor rendimiento de forraje a los 40 DDC y a una IC de 5 cm. Mientras que para las variables altura y cobertura se recomienda una IC de 10 cm. Por su parte la relaci&#xF3;n tallo-hoja y n&#xFA;mero de macollos, no presentan diferencias significativas por efecto de la IC. En la presente investigaci&#xF3;n se comprob&#xF3; que el pasto Cayman es recomendable para la regi&#xF3;n por sus cualidades agron&#xF3;micas.</subfield>
  </datafield>
  <datafield tag="650" ind1=" " ind2="4">
    <subfield code="a">Pastos forrajeros</subfield>
    <subfield code="x">Crecimiento</subfield>
    <subfield code="9">86099</subfield>
  </datafield>
  <datafield tag="650" ind1=" " ind2="4">
    <subfield code="a">Pastos</subfield>
    <subfield code="x">Rendimiento</subfield>
    <subfield code="9">86076</subfield>
  </datafield>
  <datafield tag="650" ind1=" " ind2="4">
    <subfield code="a">Curvas de Crecimiento</subfield>
    <subfield code="9">143477</subfield>
  </datafield>
  <datafield tag="700" ind1="1" ind2=" ">
    <subfield code="a">M&#xE9;ndez Zaragoza, Jesus Alberto</subfield>
    <subfield code="9">190148</subfield>
  </datafield>
  <datafield tag="700" ind1="1" ind2=" ">
    <subfield code="a">Mendoza Pedroza, Sergio Ib&#xE1;n</subfield>
    <subfield code="9">74719</subfield>
    <subfield code="e">Director de tesis.</subfield>
  </datafield>
  <datafield tag="700" ind1="1" ind2=" ">
    <subfield code="a">Gonz&#xE1;lez Cer&#xF3;n, Fernando</subfield>
    <subfield code="9">48783</subfield>
    <subfield code="e">Secretario.</subfield>
  </datafield>
  <datafield tag="700" ind1="1" ind2=" ">
    <subfield code="a">Flores Santiago, Ever del Jes&#xFA;s</subfield>
    <subfield code="e">Vocal.</subfield>
    <subfield code="9">41735</subfield>
  </datafield>
  <datafield tag="700" ind1="1" ind2=" ">
    <subfield code="a">Monz&#xF3;n Armenta, Jos&#xE9; Melquiades</subfield>
    <subfield code="9">78028</subfield>
    <subfield code="e">Suplente.</subfield>
  </datafield>
  <datafield tag="700" ind1="1" ind2=" ">
    <subfield code="a">Calzada Mar&#xED;n, Jes&#xFA;s Miguel</subfield>
    <subfield code="9">17637</subfield>
    <subfield code="e">Suplente.</subfield>
  </datafield>
  <datafield tag="856" ind1=" " ind2=" ">
    <subfield code="u">http://10.13.5.2/tesis/tl/1610766-3_Y_1811627-7_FRANCISCO_MACARIO_BRAYANHUMBERTO_Y_MENDEZ_ZARAGOZA_JESUSALBERTO.pdf</subfield>
    <subfield code="z">DESCARGAR PDF</subfield>
  </datafield>
  <datafield tag="942" ind1=" " ind2=" ">
    <subfield code="2">Clasificaci&#xF3;n Universidad Aut&#xF3;noma Chapingo</subfield>
    <subfield code="c">TD</subfield>
  </datafield>
  <datafield tag="999" ind1=" " ind2=" ">
    <subfield code="c">220478</subfield>
    <subfield code="d">220478</subfield>
  </datafield>
  <datafield tag="952" ind1=" " ind2=" ">
    <subfield code="0">0</subfield>
    <subfield code="1">0</subfield>
    <subfield code="2">local</subfield>
    <subfield code="4">0</subfield>
    <subfield code="5">1</subfield>
    <subfield code="7">0</subfield>
    <subfield code="8">TesDigL</subfield>
    <subfield code="a">BD</subfield>
    <subfield code="b">BD</subfield>
    <subfield code="c">E_L</subfield>
    <subfield code="d">2025-02-24</subfield>
    <subfield code="l">0</subfield>
    <subfield code="o">Tesis digital</subfield>
    <subfield code="r">2025-02-24 09:02:57</subfield>
    <subfield code="w">2025-02-24</subfield>
    <subfield code="y">TD</subfield>
  </datafield>
</record>
